<?xml version="1.0" encoding="UTF-8"?>
<record
    xmlns:xsi="http://www.w3.org/2001/XMLSchema-instance"
    xsi:schemaLocation="http://www.loc.gov/MARC21/slim http://www.loc.gov/standards/marcxml/schema/MARC21slim.xsd"
    xmlns="http://www.loc.gov/MARC21/slim">

  <leader>01676nam a22001457a 4500</leader>
  <controlfield tag="008">180803b        xxu||||| |||| 00| 0 eng d</controlfield>
  <datafield tag="020" ind1=" " ind2=" ">
    <subfield code="a">9788461447381</subfield>
  </datafield>
  <datafield tag="082" ind1=" " ind2=" ">
    <subfield code="a">708</subfield>
    <subfield code="b">ES79m</subfield>
  </datafield>
  <datafield tag="100" ind1=" " ind2=" ">
    <subfield code="a">Est&#xE9;vez, Fernando y De Santa Ana, Mariano (Editores)</subfield>
    <subfield code="9">6565</subfield>
  </datafield>
  <datafield tag="245" ind1=" " ind2=" ">
    <subfield code="a">Memorias y Olvidos del Archivo</subfield>
  </datafield>
  <datafield tag="260" ind1=" " ind2=" ">
    <subfield code="a">Madrid</subfield>
    <subfield code="b">Organismo Aut&#xF3;nomo de Museos y Centros del Excmo. Cabildo Insular de Tenerife, Centro Atl&#xE1;ntico de Arte Moderno y Outer Ediciones</subfield>
    <subfield code="c">2010</subfield>
  </datafield>
  <datafield tag="300" ind1=" " ind2=" ">
    <subfield code="a">269 p.</subfield>
    <subfield code="b">ill.</subfield>
    <subfield code="c">24 cm</subfield>
  </datafield>
  <datafield tag="505" ind1=" " ind2=" ">
    <subfield code="t">Memorias y olvidos del Archivo</subfield>
    <subfield code="r">Est&#xE9;vez, Fernando y De Santa Ana, Mariano</subfield>
    <subfield code="t">&#xAB;Ceci n'est pas una archive&#xBB;</subfield>
    <subfield code="r">Blasco, Jorge</subfield>
    <subfield code="t">Archivo y Memoria en el Reino de los Replicantes</subfield>
    <subfield code="r">Est&#xE9;vez, Fernando </subfield>
    <subfield code="t">Relatos. Del alb&#xFA;m de familia a Facebook (Con un ep&#xED;logo de Isa&#xED;as Gri&#xF1;olo)</subfield>
    <subfield code="r">Enguita, Nuria</subfield>
    <subfield code="t">&#xAB;Copy is Right&#xBB; Tres momentos fundamentales de la po&#xE9;tica de la apropiaci&#xF3;n audiovisual</subfield>
    <subfield code="r">Weinritchter, Antonio</subfield>
    <subfield code="t">El objeto y el f&#xED;n </subfield>
    <subfield code="r">Valc&#xE1;rcel, Isidoro</subfield>
    <subfield code="t">Tipolog&#xED;as y genealog&#xED;as del Archivo en el Siglo XX. &#xAB;Otra historia del arte del Siglo XX&#xBB;</subfield>
    <subfield code="r">Wash, Anna Mar&#xED;a</subfield>
    <subfield code="t">De los usos y desventajas del archivo para el arte</subfield>
    <subfield code="r">Hern&#xE1;ndez, Yaiza</subfield>
    <subfield code="t">L - Carnet '37</subfield>
    <subfield code="r">Lahuerta, Juan Jos&#xE9;</subfield>
    <subfield code="t">Anarchivos</subfield>
    <subfield code="r">Romero, Pedro G.</subfield>
    <subfield code="t">Hacer memoria. EL caso de &#xAB;Arts Combinat&#xF2;ries&#xBB;, lugar de educaci&#xF3;n, exposici&#xF3;n e investigaci&#xF3;n de la Fundaci&#xF3;n Antoni T&#xE0;pies</subfield>
    <subfield code="r">Rassel, Laurence</subfield>
    <subfield code="t">Fantasmas del archivo</subfield>
    <subfield code="r">De Santa Ana, Mariano</subfield>
    <subfield code="t">Notas sobre v&#xED;nculos, consciencia y el doblez. Notas sobre el doble, archivo y el yo existente.</subfield>
    <subfield code="r">Beltr&#xE1;n, Erick</subfield>
    <subfield code="t">Entre Archivos</subfield>
    <subfield code="r">Muntadas, Antoni</subfield>
    <subfield code="t">Referencias</subfield>
  </datafield>
  <datafield tag="650" ind1=" " ind2=" ">
    <subfield code="2">Archivo</subfield>
    <subfield code="x">Arte - documentaci&#xF3;n</subfield>
    <subfield code="x">Arte - congreso</subfield>
    <subfield code="x">Archivos - Arte</subfield>
    <subfield code="x">Archivos - Arte Congreso</subfield>
    <subfield code="9">6566</subfield>
  </datafield>
  <datafield tag="999" ind1=" " ind2=" ">
    <subfield code="c">1569</subfield>
    <subfield code="d">1569</subfield>
  </datafield>
  <datafield tag="952" ind1=" " ind2=" ">
    <subfield code="0">0</subfield>
    <subfield code="1">0</subfield>
    <subfield code="2">ddc</subfield>
    <subfield code="4">0</subfield>
    <subfield code="7">0</subfield>
    <subfield code="a">LV</subfield>
    <subfield code="b">LV</subfield>
    <subfield code="c">Pensamiento</subfield>
    <subfield code="d">2018-08-03</subfield>
    <subfield code="l">0</subfield>
    <subfield code="o">708 ES79m</subfield>
    <subfield code="p">004629</subfield>
    <subfield code="r">2018-08-03 00:00:00</subfield>
    <subfield code="w">2018-08-03</subfield>
    <subfield code="y">01</subfield>
  </datafield>
</record>
